[Event "BL 2324 SG Solingen - SC Heimbach-Weis-N"]
[Site "?"]
[Date "2024.02.25"]
[Round "11.1"]
[White "Livaic, Leon"]
[Black "Warmerdam, Max"]
[Result "1/2-1/2"]
[WhiteElo "2561"]
[BlackElo "2617"]
[PlyCount "46"]
[EventDate "2024.??.??"]

1. e4 c5 2. Nf3 d6 3. d4 cxd4 4. Nxd4 Nf6 5. Nc3 Nc6 6. h4 g6 7. f3 Bg7 8. Be3 O-O 9. Qd2 d5 10. Nxc6 bxc6 11. O-O-O Be6 12. exd5 Nxd5 13. Bd4 Bxd4 14. Qxd4 Qb6 15. Na4 Qa5 16. h5 g5 17. h6 f6 18. Qe4 Bf7 19. Bd3 Bg6 20. Qe6+ Bf7 21. Qf5 Bg6 22. Qe6+ Bf7 23. Qf5 Bg6 1/2-1/2

[Event "BL 2324 SG Solingen - SC Heimbach-Weis-N"]
[Site "?"]
[Date "2024.02.25"]
[Round "11.2"]
[White "Ragger, Markus"]
[Black "Kraemer, Martin"]
[Result "1/2-1/2"]
[WhiteElo "2606"]
[BlackElo "2577"]
[PlyCount "99"]
[EventDate "2024.??.??"]

1. e4 c5 2. Nf3 d6 3. Bb5+ Nd7 4. O-O a6 5. Be2 Ngf6 6. d3 e6 7. a4 Be7 8. a5 O-O 9. Re1 Qc7 10. Bf1 Re8 11. h3 h6 12. Nbd2 b5 13. axb6 Nxb6 14. e5 dxe5 15. Nxe5 a5 16. Ndc4 Nxc4 17. Nxc4 a4 18. Be2 Bb7 19. Bf3 Bxf3 20. Qxf3 Nd5 21. Qg4 Nf6 22. Bf4 Qb7 23. Qg3 Nh5 24. Qe3 Nxf4 25. Qxf4 Ra6 26. Ra2 Rea8 27. Qe4 Qb8 28. Ne5 Qb5 29. Qc4 Qe8 30. Rea1 Bd6 31. Nf3 Qb8 32. Nd2 Rb6 33. Qe4 Rba6 34. Nc4 Be7 35. Ra3 R8a7 36. g3 Qb5 37. Kg2 Bf6 38. R1a2 g6 39. Qf4 Kg7 40. Nd6 Qc6+ 41. Ne4 Be7 42. Kg1 f5 43. Nd2 c4 44. Qd4+ e5 45. Qxe5+ Kh7 46. Nxc4 Bxa3 47. Rxa3 Qd7 48. Ra1 Re6 49. Qf4 Qb5 50. Qf3 1/2-1/2

[Event "BL 2324 SG Solingen - SC Heimbach-Weis-N"]
[Site "?"]
[Date "2024.02.25"]
[Round "11.4"]
[White "Van Wely, Loek"]
[Black "Krejci, Jan"]
[Result "1/2-1/2"]
[WhiteElo "2623"]
[BlackElo "2535"]
[PlyCount "74"]
[EventDate "2024.??.??"]

1. Nf3 d5 2. c4 c6 3. d4 Nf6 4. Nc3 e6 5. g3 dxc4 6. Bg2 b5 7. Ne5 Nd5 8. e4 Nxc3 9. bxc3 Be7 10. Qg4 O-O 11. Bh6 Bf6 12. h4 Kh8 13. Bg5 Qa5 14. O-O Bxe5 15. dxe5 Nd7 16. Be7 Re8 17. Bd6 Qxc3 18. Rac1 Qa5 19. Qh5 Kg8 20. f4 b4 21. f5 exf5 22. Rxf5 g6 23. Qh6 gxf5 24. exf5 Qb6+ 25. Kh2 Qd4 26. f6 Qg4 27. Rxc4 Qg6 28. Qf4 Nb6 29. Rxc6 Bf5 30. e6 Rxe6 31. Rc5 Rxf6 32. Bxa8 Bd7 33. Qxb4 h6 34. Be4 Qg4 35. Bf4 Rxf4 36. gxf4 Qxf4+ 37. Kg1 Qe3+ 1/2-1/2

[Event "BL 2324 SG Solingen - SC Heimbach-Weis-N"]
[Site "?"]
[Date "2024.02.25"]
[Round "11.5"]
[White "Kraus, Tomas"]
[Black "Ganguly, Surya Shekhar"]
[Result "1/2-1/2"]
[WhiteElo "2497"]
[BlackElo "2578"]
[PlyCount "117"]
[EventDate "2024.??.??"]

1. e4 e5 2. Nf3 Nc6 3. Nc3 Nf6 4. d4 exd4 5. Nxd4 Bb4 6. Nxc6 bxc6 7. Bd3 O-O 8. O-O d5 9. Bd2 Bxc3 10. Bxc3 Nxe4 11. Bxe4 dxe4 12. Qh5 h6 13. Qe5 Qg5 14. Qxe4 Qg6 15. Qxg6 fxg6 16. Rfe1 Bf5 17. Rad1 Rad8 18. h4 Kf7 19. Rd4 Rxd4 20. Bxd4 a6 21. c3 Rd8 22. b4 h5 23. a4 Bc2 24. a5 Re8 25. Be5 Re7 26. Kh2 Rd7 27. Kg3 Rd1 28. Rxd1 Bxd1 29. Kf4 c5 30. b5 axb5 31. a6 Bb3 32. Bxc7 Ke6 33. Kg5 Bd5 34. f3 b4 35. cxb4 cxb4 36. Ba5 b3 37. Bc3 Kf7 38. Kf4 Ba8 39. Ke5 Ke7 40. a7 Bb7 41. Kf4 Kf7 42. Ke3 Ke6 43. Bxg7 Kf5 44. Kf2 g5 45. Kg3 gxh4+ 46. Kxh4 Kg6 47. Bb2 Bc6 48. Kg3 Kf5 49. Bc1 Bb7 50. Kf2 h4 51. Ke3 Ba8 52. Kd3 h3 53. gxh3 Bxf3 54. Kc4 Kg6 55. Kxb3 Kh5 56. Bg5 Kxg5 57. h4+ Kxh4 58. a8=B Bd5+ 59. Bxd5 1/2-1/2

[Event "BL 2324 SG Solingen - SC Heimbach-Weis-N"]
[Site "?"]
[Date "2024.02.25"]
[Round "11.7"]
[White "Winterberg, Lukas"]
[Black "Naumann, Alexander"]
[Result "1-0"]
[WhiteElo "2418"]
[BlackElo "2494"]
[PlyCount "83"]
[EventDate "2024.??.??"]

1. d4 Nf6 2. Nf3 d5 3. c4 e6 4. Nc3 Bb4 5. Qa4+ Nc6 6. a3 Bxc3+ 7. bxc3 Ne4 8. e3 Nxc3 9. Qc2 Ne4 10. Bd3 Na5 11. cxd5 exd5 12. Bxe4 dxe4 13. Qxe4+ Qe7 14. Qxe7+ Kxe7 15. Bd2 Nc4 16. Rc1 Nxd2 17. Kxd2 c6 18. Rb1 f6 19. e4 Rf8 20. g4 h5 21. h3 Rh8 22. Nh4 Kf7 23. Nf5 hxg4 24. hxg4 Rxh1 25. Rxh1 Bxf5 26. gxf5 Rc8 27. f4 c5 28. d5 Re8 29. Kd3 b5 30. Rc1 Rc8 31. e5 Ke7 32. d6+ Kd7 33. Ke4 Kc6 34. Rd1 Rd8 35. e6 Rxd6 36. e7 Rxd1 37. e8=Q+ Kb6 38. Qb8+ Ka6 39. Qc7 c4 40. Qxg7 Rd6 41. Qc7 Rb6 42. Kd4 1-0

[Event "BL 2324 SG Solingen - SC Heimbach-Weis-N"]
[Site "?"]
[Date "2024.02.25"]
[Round "11.8"]
[White "Wegerle, Joerg"]
[Black "Tica, Sven"]
[Result "0-1"]
[WhiteElo "2417"]
[BlackElo "2433"]
[PlyCount "64"]
[EventDate "2024.??.??"]

1. Nf3 g6 2. d4 Bg7 3. Nc3 d6 4. g3 Bd7 5. Bg2 Qc8 6. h4 h6 7. e4 Nf6 8. Qe2 Ng4 9. e5 Nc6 10. O-O O-O 11. Nd5 Bf5 12. c3 Qd7 13. Bf4 Rac8 14. Rfe1 Qd8 15. Rad1 Kh7 16. Qb5 Rb8 17. Ne3 Nxe3 18. Bxe3 Bg4 19. Rd2 Qc8 20. Nh2 Bd7 21. Qe2 b5 22. f4 Na5 23. b3 f6 24. h5 g5 25. Qd3+ Bf5 26. Be4 fxe5 27. dxe5 gxf4 28. Bxf5+ Qxf5 29. Bxf4 Nc6 30. exd6 cxd6 31. Re3 e5 32. Qxf5+ Rxf5 0-1

[Event "BL 2324 Hamburger SK - HSK Lister Turm"]
[Site "?"]
[Date "2024.02.25"]
[Round "11.1"]
[White "Pfreundt, Jakob"]
[Black "Nihal Sarin"]
[Result "0-1"]
[WhiteElo "2462"]
[BlackElo "2693"]
[PlyCount "140"]
[EventDate "2024.??.??"]

1. Nf3 Nf6 2. c4 b6 3. g3 Bb7 4. Bg2 g6 5. b3 Bg7 6. Bb2 O-O 7. O-O e6 8. Nc3 d5 9. cxd5 Nxd5 10. Qc1 c5 11. Nxd5 Bxd5 12. Rd1 Nd7 13. Bxg7 Kxg7 14. Qc3+ Qf6 15. Rac1 Rac8 16. Ng5 Bxg2 17. Qxf6+ Nxf6 18. Kxg2 e5 19. d3 Rfd8 20. Rc4 Ne8 21. Rdc1 Nd6 22. Ra4 a5 23. Ne4 Nb5 24. Kf1 f5 25. Ng5 Rd7 26. g4 Nd4 27. e3 Nc6 28. gxf5 gxf5 29. Rh4 h6 30. Nf3 Rxd3 31. Ke2 Rd6 32. Rg1+ Kf7 33. Rh5 Rf6 34. Nh4 Ne7 35. Nf3 e4 36. Ne5+ Ke6 37. Rg7 Rc7 38. f4 exf3+ 39. Nxf3 Nd5 40. Rxc7 Nxc7 41. a4 Ne8 42. Nd2 Rg6 43. Kd3 Nf6 44. Rh4 Ng4 45. Nc4 Kf6 46. Rh5 Rg8 47. Ke2 Kg6 48. Rh3 Rb8 49. Rg3 Kf6 50. h3 Ne5 51. Nxe5 Kxe5 52. Rg6 b5 53. Rxh6 bxa4 54. bxa4 Rb4 55. Rc6 c4 56. Rc5+ Ke4 57. Rxa5 Rb2+ 58. Kd1 Rf2 59. Rc5 Kd3 60. Kc1 c3 61. Rd5+ Kxe3 62. a5 f4 63. a6 Ra2 64. Re5+ Kd3 65. Rd5+ Kc4 66. Rd6 f3 67. Rc6+ Kd5 68. Rf6 f2 69. a7 Rxa7 70. Kc2 Ra1 0-1

[Event "BL 2324 Hamburger SK - HSK Lister Turm"]
[Site "?"]
[Date "2024.02.25"]
[Round "11.4"]
[White "Kempinski, Robert"]
[Black "Lammers, Markus"]
[Result "1-0"]
[WhiteElo "2547"]
[BlackElo "2316"]
[PlyCount "95"]
[EventDate "2024.??.??"]

1. d4 Nf6 2. Nf3 e6 3. c4 c5 4. d5 exd5 5. cxd5 d6 6. Nc3 g6 7. Bf4 a6 8. a4 Bg7 9. h3 O-O 10. e3 Qe7 11. Be2 Nbd7 12. O-O Rb8 13. Re1 Nh5 14. Bh2 f5 15. Nd2 Nhf6 16. Nc4 Ne8 17. a5 Ne5 18. Nb6 g5 19. f4 Ng6 20. Bd3 gxf4 21. exf4 Qh4 22. Rf1 Nc7 23. Qc2 Qd8 24. Rab1 Bd7 25. b4 cxb4 26. Rxb4 Bxc3 27. Qxc3 Bb5 28. Re1 Bxd3 29. Qxd3 Rf7 30. Kh1 Qf8 31. Rc4 Re8 32. Rxe8 Qxe8 33. Bg3 Qe7 34. Qc2 Nb5 35. Kh2 Qf6 36. Qd3 Re7 37. Rc8+ Kg7 38. Nc4 Re4 39. Nd2 Rd4 40. Qe3 Rxd5 41. Nf3 Qe7 42. Qb3 Qd7 43. Rb8 Rc5 44. Rg8+ Kh6 45. Bh4 Nc3 46. Bg5+ Kh5 47. Nd4 Rc8 48. Ne2 1-0

[Event "BL 2324 Hamburger SK - HSK Lister Turm"]
[Site "?"]
[Date "2024.02.25"]
[Round "11.5"]
[White "Schulze, Torben"]
[Black "Papp, Gabor"]
[Result "0-1"]
[WhiteElo "2328"]
[BlackElo "2547"]
[PlyCount "94"]
[EventDate "2024.??.??"]

1. e4 c5 2. Nc3 a6 3. g3 d6 4. Bg2 Nf6 5. Nge2 e5 6. O-O b5 7. d3 Be7 8. a3 O-O 9. b4 Bb7 10. Rb1 Nbd7 11. Bd2 Rb8 12. Nc1 Qc7 13. Nb3 Nb6 14. Na5 Ba8 15. Qe2 Rfe8 16. Rfc1 h6 17. Qe1 Bf8 18. h3 Rbc8 19. Kh2 Qd7 20. Qh1 d5 21. Nxd5 Nbxd5 22. exd5 Bxd5 23. Bxd5 Nxd5 24. Qe1 Nc7 25. Nb3 c4 26. dxc4 bxc4 27. Na5 Nb5 28. c3 Nxa3 29. Ra1 Nb5 30. Qe2 Qc7 31. Be1 f5 32. Rd1 Qf7 33. Qe3 e4 34. Qb6 e3 35. fxe3 Re6 36. Qb7 Qxb7 37. Nxb7 Rxe3 38. Rdc1 Rc6 39. Na5 Rc7 40. Ra2 Bd6 41. Rac2 Be5 42. Kg2 Rd3 43. Kh2 Kf7 44. Kg2 h5 45. h4 g6 46. Kh2 Nd6 47. Rd2 Bxg3+ 0-1

[Event "BL 2324 Hamburger SK - HSK Lister Turm"]
[Site "?"]
[Date "2024.02.25"]
[Round "11.6"]
[White "Kramer, Julian"]
[Black "Pubantz, Jan"]
[Result "1/2-1/2"]
[WhiteElo "2469"]
[BlackElo "2277"]
[PlyCount "121"]
[EventDate "2024.??.??"]

1. e4 c6 2. d4 d5 3. exd5 cxd5 4. Bd3 Nf6 5. h3 Nc6 6. c3 e5 7. dxe5 Nxe5 8. Qe2 Qe7 9. Bc2 b6 10. Na3 Ba6 11. Nb5 O-O-O 12. a4 Re8 13. Kf1 Kb7 14. Bf4 Nc4 15. Qxe7+ Bxe7 16. b3 Nd6 17. Bxd6 Bxd6 18. Ne2 Be5 19. Rc1 Ne4 20. f4 Bb8 21. Rd1 Nf6 22. Kf2 Re7 23. g3 Rhe8 24. Rhe1 h5 25. b4 h4 26. g4 Re3 27. g5 Nh5 28. Bb3 Bxb5 29. Bxd5+ Kc8 30. axb5 Nxf4 31. Nxf4 Bxf4 32. Rxe3 Bxe3+ 33. Kf3 Bxg5 34. Bxf7 Re3+ 35. Kg4 Bf6 36. c4 Be7 37. Kf4 Rc3 38. Be6+ Kb8 39. Rd7 Bxb4 40. Rxg7 Rg3 41. Rh7 Bc3 42. Rxh4 Rg7 43. Rh8+ Kc7 44. Rc8+ Kb7 45. Re8 Bf6 46. Kf5 Bc3 47. h4 Rh7 48. Kg4 Kc7 49. h5 Rh8 50. Bg8 Kd7 51. Ra8 Kd6 52. Kg5 Bb2 53. Rc8 Kd7 54. Rf8 Ke7 55. Ra8 Kd6 56. Kg6 Bc1 57. Bd5 Rxa8 58. Bxa8 Ke7 59. Kg7 Bb2+ 60. Kg8 Bc1 61. Bb7 1/2-1/2

[Event "BL 2324 Hamburger SK - HSK Lister Turm"]
[Site "?"]
[Date "2024.02.25"]
[Round "11.8"]
[White "Heinemann, Thies"]
[Black "Voege, Tobias"]
[Result "1/2-1/2"]
[WhiteElo "2425"]
[BlackElo "2286"]
[PlyCount "43"]
[EventDate "2024.??.??"]

1. e4 e6 2. d4 d5 3. Nd2 c5 4. exd5 exd5 5. Ngf3 Nc6 6. Bb5 Qe7+ 7. Be2 Qc7 8. O-O Nf6 9. Re1 cxd4 10. Nb3 Bb4 11. Bd2 Bxd2 12. Qxd2 O-O 13. Nbxd4 Bg4 14. c3 Rfe8 15. Bd3 Bh5 16. h3 Rad8 17. Qg5 Bg6 18. Rxe8+ Rxe8 19. Bxg6 hxg6 20. Rd1 Na5 21. Qc1 Nc4 22. Re1 1/2-1/2

[Event "BL 2324 SK Doppelbauer Turm Kiel - USV T"]
[Site "?"]
[Date "2024.02.25"]
[Round "11.1"]
[White "Nisipeanu, Liviu-Dieter"]
[Black "Cheparinov, Ivan"]
[Result "1/2-1/2"]
[WhiteElo "2587"]
[BlackElo "2634"]
[PlyCount "41"]
[EventDate "2024.??.??"]

1. d4 Nf6 2. c4 e6 3. Nc3 Bb4 4. e3 O-O 5. Bd3 d5 6. Nf3 b6 7. cxd5 exd5 8. O-O c5 9. Bd2 Nc6 10. a3 Bxc3 11. Bxc3 c4 12. Be2 a5 13. Ne5 Qc7 14. f3 b5 15. b4 axb4 16. axb4 Bb7 17. Qd2 Rae8 18. Bd1 Nd7 19. Nxd7 Qxd7 20. Bc2 f5 21. Rfe1 1/2-1/2

[Event "BL 2324 SK Doppelbauer Turm Kiel - USV T"]
[Site "?"]
[Date "2024.02.25"]
[Round "11.2"]
[White "Bjerre, Jonas Buhl"]
[Black "Bartel, Mateusz"]
[Result "1-0"]
[WhiteElo "2642"]
[BlackElo "2660"]
[PlyCount "107"]
[EventDate "2024.??.??"]

1. e4 c6 2. Nf3 d5 3. Nc3 Bg4 4. h3 Bxf3 5. Qxf3 e6 6. Be2 d4 7. Nb1 Nd7 8. Qg3 h5 9. f4 Qc7 10. d3 O-O-O 11. Nd2 f5 12. Qf2 Ngf6 13. e5 Nd5 14. Nf3 Bb4+ 15. Kf1 Bc5 16. Ng5 Nf8 17. c4 Ne3+ 18. Kg1 a5 19. Kh2 Qe7 20. Bd2 b6 21. Nf3 Ng6 22. Qg3 Qe8 23. h4 Ng4+ 24. Kh3 Kc7 25. Bd1 Bb4 26. Bc1 Be7 27. Ba4 b5 28. cxb5 cxb5 29. Bd1 Qc6 30. Bd2 Qb6 31. a4 b4 32. Bb3 Kb8 33. Rhc1 Rc8 34. Qe1 Rxc1 35. Rxc1 Rc8 36. Kg3 Nf8 37. Qd1 Nd7 38. Rxc8+ Kxc8 39. Qc2+ Kb7 40. Qc4 Nc5 41. Bd1 Qd8 42. Nxd4 Bxh4+ 43. Kh3 Nf2+ 44. Kh2 Nxd1 45. Qxc5 Bf2 46. Qc6+ Ka7 47. Nb5+ Kb8 48. g3 h4 49. Nd6 hxg3+ 50. Kg2 Qe7 51. Qc8+ Ka7 52. Qc2 Qd8 53. Qxd1 Qh8 54. Qf3 1-0

[Event "BL 2324 SK Doppelbauer Turm Kiel - USV T"]
[Site "?"]
[Date "2024.02.25"]
[Round "11.5"]
[White "Vogel, Roven"]
[Black "Gumularz, Szymon"]
[Result "1/2-1/2"]
[WhiteElo "2524"]
[BlackElo "2591"]
[PlyCount "92"]
[EventDate "2024.??.??"]

1. d4 Nf6 2. c4 g6 3. Nc3 Bg7 4. e4 d6 5. h3 O-O 6. Be3 e5 7. d5 Na6 8. g4 Nc5 9. f3 a5 10. Nge2 c6 11. Qd2 cxd5 12. cxd5 Bd7 13. Ng3 h5 14. Rg1 h4 15. Nh1 Nh7 16. O-O-O Rb8 17. Bb5 Bxb5 18. Nxb5 Qd7 19. Qe2 Rfc8 20. Kb1 Bf6 21. g5 Bd8 22. Nf2 Na4 23. f4 Bb6 24. Bxb6 Nxb6 25. fxe5 dxe5 26. Na7 Rf8 27. Ng4 Qe7 28. d6 Qxg5 29. Qb5 Nc8 30. Nxc8 Rbxc8 31. Nxe5 Qe3 32. Qd5 Kg7 33. Qxb7 Ng5 34. Rxg5 Qxg5 35. Nxf7 Qh5 36. Ng5+ Kh8 37. Qd5 Qe2 38. a3 Rc2 39. Qd4+ Kg8 40. Ne6 Rf7 41. Rg1 Rxb2+ 42. Qxb2 Qxe4+ 43. Ka1 Qxe6 44. Qd2 Kh7 45. Rd1 Qxh3 46. d7 Qxa3+ 1/2-1/2

[Event "BL 2324 SK Doppelbauer Turm Kiel - USV T"]
[Site "?"]
[Date "2024.02.25"]
[Round "11.6"]
[White "Meshkovs, Nikita"]
[Black "Neef, Maximilian"]
[Result "1/2-1/2"]
[WhiteElo "2548"]
[BlackElo "2466"]
[PlyCount "111"]
[EventDate "2024.??.??"]

1. d4 Nf6 2. Bg5 Ne4 3. Bf4 Nc6 4. Nf3 e6 5. h4 d5 6. Nbd2 Bd6 7. g3 Qf6 8. e3 e5 9. Nxe4 dxe4 10. Nxe5 Nxe5 11. dxe5 Bxe5 12. Bxe5 Qxe5 13. Qd4 Qxd4 14. exd4 Bg4 15. Kd2 f5 16. Ke3 Rf8 17. Re1 O-O-O 18. Be2 Rd6 19. h5 Rb6 20. b3 Rc6 21. Kd2 Bxe2 22. Rxe2 Rd8 23. c3 Ra6 24. Ke3 c5 25. dxc5 Rd5 26. Kf4 Rxc5 27. Rd1 Rh6 28. Kg5 Rf6 29. c4 f4+ 30. Kg4 fxg3 31. fxg3 Re5 32. Rd5 Rxd5 33. cxd5 Rd6 34. Rxe4 Rxd5 35. Re8+ Kc7 36. Rg8 Rd4+ 37. Kg5 Rd5+ 38. Kh4 Rd7 39. g4 Kd6 40. Rh8 h6 41. g5 hxg5+ 42. Kxg5 Ke7 43. Kg6 Rd2 44. Rg8 Rg2+ 45. Kh7 Rxa2 46. Rxg7+ Kf8 47. Rxb7 a5 48. h6 Rg2 49. Rb5 Rg3 50. Rb8+ Kf7 51. Kh8 Rg6 52. Rb7+ Kf8 53. h7 Rg5 54. Rb8+ Kf7 55. Rb7+ Kf8 56. Rb8+ 1/2-1/2

[Event "BL 2324 SK Doppelbauer Turm Kiel - USV T"]
[Site "?"]
[Date "2024.02.25"]
[Round "11.7"]
[White "Maiwald, Jens-Uwe"]
[Black "Thybo, Jesper Sondergaard"]
[Result "0-1"]
[WhiteElo "2439"]
[BlackElo "2533"]
[PlyCount "114"]
[EventDate "2024.??.??"]

1. e4 c5 2. Nf3 Nc6 3. Bb5 g6 4. O-O Bg7 5. c3 Nf6 6. Re1 O-O 7. h3 e5 8. d3 d6 9. a4 Re8 10. Bg5 h6 11. Bh4 Be6 12. Nbd2 Kh7 13. d4 cxd4 14. cxd4 exd4 15. Bxc6 bxc6 16. Nxd4 Qb6 17. N2f3 Bd7 18. a5 Qb7 19. Qd3 c5 20. a6 Qb6 21. Bxf6 Bxf6 22. Nc2 Bb5 23. Qd5 Kg7 24. e5 dxe5 25. Nxe5 Qc7 26. Ng4 Rad8 27. Qb3 Rxe1+ 28. Rxe1 Qa5 29. Nxf6 Rd3 30. Ra1 Rxb3 31. Rxa5 Kxf6 32. Na3 Bd3 33. Rxc5 Rxb2 34. Rc6+ Kg7 35. Nc4 Rc2 36. Ne5 Rxc6 37. Nxc6 Bb5 38. Nxa7 Bd7 39. f4 Kf6 40. Kf2 Ke6 41. Kg3 Kd5 42. f5 Kc5 43. Kf4 Kb6 44. g4 Kxa7 45. Ke5 gxf5 46. gxf5 Kxa6 47. Kf6 h5 48. h4 Kb5 49. Kg5 Kc5 50. Kxh5 Bxf5 51. Kg5 Bg6 52. h5 Bxh5 53. Kxh5 Kd5 54. Kg5 Ke5 55. Kg4 Ke4 56. Kg3 f5 57. Kf2 Ke5 0-1

[Event "BL 2324 SK Doppelbauer Turm Kiel - USV T"]
[Site "?"]
[Date "2024.02.25"]
[Round "11.8"]
[White "Pajeken, Jakob Leon"]
[Black "Tischbierek, Raj"]
[Result "1/2-1/2"]
[WhiteElo "2426"]
[BlackElo "2423"]
[PlyCount "48"]
[EventDate "2024.??.??"]

1. e4 e6 2. d4 d5 3. Nc3 Bb4 4. e5 c5 5. Bd2 Ne7 6. a3 Bxc3 7. Bxc3 b6 8. h4 Ba6 9. Bxa6 Nxa6 10. h5 h6 11. Qd3 Nb8 12. f4 Qc8 13. Nf3 Qa6 14. Qe3 Nf5 15. Qf2 cxd4 16. Bxd4 Nc6 17. O-O-O O-O-O 18. g4 Nfe7 19. Kb1 Kb8 20. Rhe1 Rc8 21. Bc3 Rhd8 22. Rd3 Qb5 23. Qd2 Ka8 24. Rd1 Qa4 1/2-1/2

[Event "BL 2324 USV TU Dresden - SC Viernheim"]
[Site "?"]
[Date "2024.03.16"]
[Round "12.1"]
[White "Mamedyarov, Shakhriyar"]
[Black "Nisipeanu, Liviu-Dieter"]
[Result "1-0"]
[WhiteElo "2734"]
[BlackElo "2585"]
[PlyCount "81"]
[EventDate "2024.??.??"]

1. d4 Nf6 2. c4 e6 3. Nc3 Bb4 4. Qc2 c5 5. dxc5 O-O 6. a3 Bxc5 7. Nf3 d5 8. Bg5 Be7 9. e3 Nbd7 10. Rd1 dxc4 11. Bxc4 h6 12. Bh4 Nh5 13. Bxe7 Qxe7 14. g4 Nhf6 15. Rg1 b5 16. Bxb5 Bb7 17. Be2 g5 18. h4 Bxf3 19. Bxf3 Rab8 20. hxg5 hxg5 21. Be2 Qc5 22. Rd4 Ne5 23. Qd2 Rfc8 24. Kf1 Kg7 25. f4 gxf4 26. g5 Nfg4 27. Bxg4 fxe3 28. Qxe3 Rxb2 29. Be2 Rb3 30. g6 fxg6 31. Rh1 Nf7 32. Qf2 Rc7 33. Ne4 Qf5 34. Kg2 Rc2 35. Ra4 a5 36. Rf1 Rbb2 37. Ng3 Rxe2 38. Nxe2 Qg5+ 39. Kh3 Qh5+ 40. Rh4 Ng5+ 41. Kg3 1-0

[Event "BL 2324 USV TU Dresden - SC Viernheim"]
[Site "?"]
[Date "2024.03.16"]
[Round "12.2"]
[White "Bartel, Mateusz"]
[Black "Anton Guijarro, David"]
[Result "1/2-1/2"]
[WhiteElo "2650"]
[BlackElo "2671"]
[PlyCount "119"]
[EventDate "2024.??.??"]

1. e4 e5 2. Nf3 Nc6 3. Bb5 Nf6 4. O-O Nxe4 5. Re1 Nd6 6. Nxe5 Be7 7. Bf1 Nf5 8. Nf3 O-O 9. d4 d5 10. c3 Bd6 11. g3 Re8 12. Rxe8+ Qxe8 13. Bd3 h6 14. Nbd2 Bf8 15. Nf1 Nce7 16. Bf4 c6 17. Qc2 g5 18. Be5 Bg7 19. Re1 f6 20. Bc7 Bf8 21. Ne3 Qd7 22. Nxf5 Nxf5 23. Bd8 Bg7 24. Bxf6 Qf7 25. Bxg7 Kxg7 26. Ne5 Qf8 27. Qe2 Nd6 28. Qh5 Bf5 29. Ng4 Bxd3 30. Qxh6+ Kg8 31. Qxg5+ Qg7 32. Nf6+ Kf8 33. Qf4 Nf7 34. Nd7+ Kg8 35. Re7 Qg6 36. Rxf7 Qxf7 37. Qxf7+ Kxf7 38. Ne5+ Kf6 39. Nxd3 b6 40. f3 Rc8 41. Nf4 a5 42. Kf2 Kf5 43. h4 a4 44. Ne2 a3 45. b3 c5 46. Ke3 Re8+ 47. Kd2 Rh8 48. Nf4 Rg8 49. Nh5 Kg6 50. g4 Rf8 51. f4 Rh8 52. f5+ Kf7 53. Kd3 Rh6 54. Ke3 Rh8 55. Kd3 Rh6 56. b4 cxb4 57. cxb4 b5 58. Ke3 Rh8 59. Kd3 Rh6 60. Kd2 1/2-1/2

[Event "BL 2324 USV TU Dresden - SC Viernheim"]
[Site "?"]
[Date "2024.03.16"]
[Round "12.3"]
[White "Kryvoruchko, Yuriy"]
[Black "Pechac, Jergus"]
[Result "1/2-1/2"]
[WhiteElo "2654"]
[BlackElo "2571"]
[PlyCount "76"]
[EventDate "2024.??.??"]

1. e4 e5 2. Nf3 Nc6 3. Bb5 Nge7 4. Nc3 Ng6 5. d4 exd4 6. Nxd4 Nxd4 7. Qxd4 c6 8. Be2 Qb6 9. Qd3 Be7 10. O-O O-O 11. a4 d6 12. a5 Qc7 13. f4 Bd7 14. Be3 Rfe8 15. Qc4 Qc8 16. Rad1 b5 17. axb6 axb6 18. Bxb6 Rb8 19. Be3 Rxb2 20. Na4 d5 21. Qd3 Ra2 22. Nb6 Qc7 23. Nxd7 Qxd7 24. e5 f6 25. Bh5 Rf8 26. Bxg6 hxg6 27. Qxg6 Qe8 28. Qd3 Ra3 29. c3 fxe5 30. fxe5 Qh5 31. Rxf8+ Bxf8 32. Rf1 Be7 33. h3 Qxe5 34. Bd4 Qe4 35. Qxe4 dxe4 36. Re1 c5 37. Rxe4 cxd4 38. Rxe7 dxc3 1/2-1/2

[Event "BL 2324 USV TU Dresden - SC Viernheim"]
[Site "?"]
[Date "2024.03.16"]
[Round "12.4"]
[White "Michalik, Peter"]
[Black "Korobov, Anton"]
[Result "1/2-1/2"]
[WhiteElo "2562"]
[BlackElo "2662"]
[PlyCount "62"]
[EventDate "2024.??.??"]

1. d4 d5 2. c4 c6 3. Nf3 Nf6 4. Nc3 e6 5. Bg5 h6 6. Bxf6 Qxf6 7. e3 Nd7 8. Bd3 g6 9. O-O dxc4 10. Bxc4 Bg7 11. e4 e5 12. d5 Nb6 13. Bb3 O-O 14. Nd2 h5 15. Nc4 Rd8 16. Qf3 Qxf3 17. gxf3 Bh3 18. Rfd1 Nxc4 19. Bxc4 Bf8 20. Rd3 b5 21. Bb3 b4 22. Nd1 cxd5 23. Bxd5 Rac8 24. f4 Be6 25. fxe5 Bg7 26. a3 Bxd5 27. exd5 Bxe5 28. axb4 Rc4 29. Rxa7 Rxb4 30. b3 Rb5 31. Ne3 Bf4 1/2-1/2

[Event "BL 2324 USV TU Dresden - SC Viernheim"]
[Site "?"]
[Date "2024.03.16"]
[Round "12.6"]
[White "Boensch, Uwe"]
[Black "Wagner, Dennis"]
[Result "1/2-1/2"]
[WhiteElo "2458"]
[BlackElo "2620"]
[PlyCount "58"]
[EventDate "2024.??.??"]

1. d4 Nf6 2. c4 g6 3. Nc3 d5 4. cxd5 Nxd5 5. e4 Nxc3 6. bxc3 Bg7 7. Be3 c5 8. Qd2 O-O 9. Nf3 Bg4 10. Ng5 Qa5 11. Rc1 cxd4 12. cxd4 Qxd2+ 13. Kxd2 Nc6 14. h3 Bc8 15. d5 Rd8 16. Kc2 Na5 17. Kb1 h6 18. Nf3 e6 19. Bf4 b6 20. Bc7 Bb7 21. Bxd8 Rxd8 22. Bb5 exd5 23. Rhd1 a6 24. Bf1 d4 25. Bd3 Nc6 26. a3 Bf8 27. Kb2 Bc5 28. Ne1 Ne5 29. f3 g5 1/2-1/2

[Event "BL 2324 USV TU Dresden - SC Viernheim"]
[Site "?"]
[Date "2024.03.16"]
[Round "12.7"]
[White "Braun, Arik"]
[Black "Wong, Gengchun"]
[Result "1/2-1/2"]
[WhiteElo "2599"]
[BlackElo "2283"]
[PlyCount "56"]
[EventDate "2024.??.??"]

1. d4 d5 2. c4 c6 3. Nf3 Nf6 4. e3 Bg4 5. h3 Bh5 6. Nc3 e6 7. g4 Bg6 8. Ne5 Nbd7 9. h4 dxc4 10. Nxc4 h5 11. g5 Nd5 12. Bg2 b5 13. Nd2 Rc8 14. O-O Be7 15. Ne2 e5 16. e4 Nb4 17. Nb3 exd4 18. a3 d3 19. axb4 dxe2 20. Qxe2 Bxb4 21. Rd1 Qc7 22. Bh3 Rd8 23. Bd2 Be7 24. Be3 Nb6 25. Rxd8+ Bxd8 26. Bc5 Be7 27. Bxe7 Qxe7 28. Nd4 Qc5 1/2-1/2

[Event "BL 2324 HSK Lister Turm - Schachfreunde "]
[Site "?"]
[Date "2024.03.16"]
[Round "12.1"]
[White "Bluebaum, Matthias"]
[Black "Petkidis, Anthony"]
[Result "1-0"]
[WhiteElo "2655"]
[BlackElo "2423"]
[PlyCount "83"]
[EventDate "2024.??.??"]

1. c4 Nf6 2. Nf3 e6 3. b3 d5 4. Bb2 c5 5. cxd5 exd5 6. g3 Nc6 7. Bg2 d4 8. O-O Be7 9. Na3 O-O 10. Nc4 Be6 11. e3 Rc8 12. Nce5 Nxe5 13. Nxe5 Bd5 14. Nf3 Qb6 15. exd4 c4 16. Ne5 Bxg2 17. Kxg2 Rfd8 18. Qf3 cxb3 19. axb3 a6 20. Rfe1 Bb4 21. Rac1 Qb5 22. Nc4 Qd5 23. Nb6 Qxf3+ 24. Kxf3 Rxc1 25. Rxc1 Ba5 26. Na4 Bxd2 27. Rc7 Rb8 28. Nc5 Nd5 29. Rd7 Nb6 30. Rxb7 Rxb7 31. Nxb7 a5 32. Nc5 f5 33. Ke2 Bb4 34. Kd3 Kf7 35. Bc3 Bxc3 36. Kxc3 g5 37. Na4 Nd5+ 38. Kc4 Nf6 39. f3 g4 40. f4 Ne4 41. Kd3 Ke6 42. Nc3 1-0

[Event "BL 2324 HSK Lister Turm - Schachfreunde "]
[Site "?"]
[Date "2024.03.16"]
[Round "12.2"]
[White "Abel, Dennes"]
[Black "Kollars, Dmitrij"]
[Result "0-1"]
[WhiteElo "2427"]
[BlackElo "2629"]
[PlyCount "98"]
[EventDate "2024.??.??"]

1. Nf3 d5 2. e3 c5 3. b3 Nc6 4. Bb2 e6 5. d4 cxd4 6. exd4 g6 7. Bd3 Bg7 8. O-O Nge7 9. Re1 O-O 10. Nbd2 Nf5 11. Bxf5 exf5 12. Ne5 Qc7 13. Ndf3 Re8 14. Qd2 f6 15. Nxc6 Qxc6 16. Rxe8+ Qxe8 17. Re1 Qc6 18. Qe2 Bd7 19. c4 Re8 20. Qd3 Qa6 21. Rxe8+ Bxe8 22. a3 Bf7 23. Nd2 Bh6 24. h3 Bf4 25. Qc3 Qe6 26. c5 Qe2 27. Nf1 Be8 28. a4 Qd1 29. g3 Bh6 30. f4 g5 31. Bc1 Bh5 32. Qe3 Kf7 33. Kf2 Qc2+ 34. Bd2 Bd1 35. fxg5 Bxg5 36. Qe1 f4 37. Kg1 f3 38. h4 Bxd2 39. Qxd2 Qxb3 40. Qh6 Bc2 41. Nd2 Qc3 42. Qh5+ Ke7 43. Nxf3 Qe3+ 44. Kg2 Be4 45. Qg4 Qe2+ 46. Kg1 Bxf3 47. Qg7+ Ke8 48. Qg8+ Kd7 49. Qg7+ Qe7 0-1

[Event "BL 2324 HSK Lister Turm - Schachfreunde "]
[Site "?"]
[Date "2024.03.16"]
[Round "12.3"]
[White "Gustafsson, Jan"]
[Black "Walter, Stefan"]
[Result "1-0"]
[WhiteElo "2610"]
[BlackElo "2374"]
[PlyCount "65"]
[EventDate "2024.??.??"]

1. c4 e6 2. Nc3 d5 3. d4 Be7 4. cxd5 exd5 5. Bf4 c6 6. e3 Bd6 7. Qf3 Ne7 8. Bd3 Bf5 9. Bxd6 Bxd3 10. Qf4 Nd7 11. O-O-O Bg6 12. h4 h5 13. Nge2 Nf5 14. Ba3 Qb8 15. Qxb8+ Rxb8 16. Nf4 Rh6 17. e4 dxe4 18. Nxe4 Bh7 19. Rhe1 Kd8 20. Ng5 Bg8 21. d5 Kc7 22. dxc6 bxc6 23. Nf3 Rd8 24. Nd4 Nd6 25. Nde6+ fxe6 26. Bxd6+ Kc8 27. Be7 Re8 28. Bg5 Rh7 29. Ng6 Nf6 30. Ne5 Kc7 31. Re3 Ng4 32. Rd7+ Kc8 33. Rxa7 1-0